Ultimate Outlander quiz - Statistics

General Stats
  • This quiz has been taken 335 times
    166 since last reset
  • The average score is 29 of 61
Answer Stats
question Answer % Correct
2 how many books? 9
88%
4 what countries have claire and jamie been to? America, Scotland, Jamaica and France
83%
13 Who Does Fergus Marry in season 3? Marsali
79%
17 who was cast first: Sam Heughan or Caitriona Balfe? Sam Heughan
79%
5 what year does Claire end up in? 1743
77%
6 what year does Claire return to Frank? 1948
76%
18 which 2 characters did Tobias Menzies Portray? Black Jack randall, Frank Randall
72%
10 what year did geillis come from? 1968
71%
46 what job does Jamie have in Edinburgh? Printer
71%
34 How old was Claire when she first traveled back in time? 27
70%
39 where does the show do most of their filming? Scotland
70%
3 author? Diana Gabaldon
67%
45 what name does the french nun Mother Hildegard name Claire's Stillborn child? Faith
65%
31 what university did Frank teach at? Harvard
64%
7 name of the governor of ardsmuir prison? Lord John grey
64%
48 what is the name of the first episode and Claires's nickname from Jamie? Sassenach
64%
27 What is the name of Jamie's aunt that Murtagh has an affair with? Jocasta Cameron
63%
29 what is Jamie's estate called? Lallybroch
63%
21 who is Descended from Dougal Mackenzie? Roger Mackenzie
63%
32 what is the name of the dpog that Young Ian acquires after playing cards? Rollo
62%
42 how is Rupert related to Jamie? Cousin
59%
22 What is Jamie Fraser's full Name James Alexander Malcolm Mackenzie Fraser
59%
9 what happened to Claire's firstborn? stillBorn
59%
30 what did Claire gradute as? Surgeon
59%
53 what was the name of the Final battle in the Jacobite uprising? Culloden
58%
8 what name does jamie go by in 1768? Alexander Malcolm
57%
49 when did the show first air 2014
56%
41 who is Brianna Named after? Brian Fraser
55%
26 what is the name of Jamie's piece of Land? Fraser's Ridge
55%
19 what Castle was Claire taken to after she fixes Jamie? Leoch
55%
57 How Many episodes did Lotte Verbeek's Geillis Duncan appear in the series? 10
54%
12 who is Marsali's mother? Laoghaire
54%
55 what channel does the show air on? Starz
54%
50 what scotland inspired products is Sam Heughan going to be selling? Whisky and Tartan
49%
35 what do you have to sacrifice to pass the the stone at Craig na Dunn? gemstone
46%
20 who assaults Brianna in Wilmington? Stephen Bonnet
46%
16 what does Murtagh do in Wilmington? Blacksmith
44%
28 what is the Name of Jamie's aunts estate? River Run
43%
14 What is the name of Fergus & Marsali's firstborn child? germain
42%
44 what was jamie's wedding rings to claire made out of? key to lallybroch, his mothers candlebra
38%
47 what Prison is Jamie tortured by Black Jack in season 1 Wentworth
36%
58 what is the name of Jamie's illegitimate son? Willie
35%
25 what does Mo Nighean Donn mean? My Brown haired lass
32%
43 why did Jamie and Claire get married to save Claire from black jack
32%
1 who composes the music? Bear McCreary
31%
51 what spy action Comedy movie did Sam Heughan star in with Mila Kunis? The Spy Who Dumped Me
30%
11 how did Geillis die? beheaded
27%
23 what does a 'Bree' Mean in Gaelic? a disturbance
23%
15 what song does Clare teach Murtagh from her time the Boogie Woogie Bugle boy
22%
36 Roger actor Richard Rankin uses his mother's maiden name in order to avoid confusion with a harry potter actor. (Clue: 1st Dumbledore) Richard Harris
18%
33 how did Ian Murray lose his leg? Fighting the French
17%
52 what Car movie did Caitriona Balfe star along side Matt Damon and Christian Bale? Ford v Ferrari
17%
40 What country was substituted for jamaica in season? South Africa
16%
24 what term of endearment does Jamie refer to Brianna as? a leannan
13%
61 What is Jamie's title as head of Lallybroch Laird Broch Tuarach
12%
38 who created the tv series? Ronald Moore
11%
60 as of 2020, how many episodes have aired? 67
10%
59 what do jamie and Brianna do for some father- daughter bonding time? Bee Hunting
10%
54 when did previouse take place? April 16
6%
56 what role does Sam Heughan Play in the Spy Who Dumped Me? Sebastian
4%
37 what People's choice award did the show win in 2019? Bingeworthy show
2%
No matching quizzes found
Score Distribution
Percent of People with Each Score
Percentile by Number Answered
Your Score History
You have not taken this quiz since the last reset